00405nam a2200145Ia 4500003000400000008004100004040001600045082001700061100002000078245006500098260005300163300001000216650001200226650002100238GCL140319s9999 xx 000 0 eng d aGCL / cGCL04a620.193bB C1 aSABERIN, GLORIA10aCARBON - CARBON MATERIALS AND COMPOSITES / cSABERIN, GLORIA a[S.N] : bMACMILLAN PUBLISHING COMPANY ، c1993 a281 P04aSCIENCE04aCARBON COMPOUNDS